[Event "5th GRENKE Chess Classic 2018"]
[Site "Baden-Baden"]
[Date "2018.03.31"]
[Round "1"]
[White "Caruana, Fabiano"]
[Black "Carlsen, Magnus"]
[Result "1/2-1/2"]
[WhiteElo "2804"]
[BlackElo "2843"]
[Annotator "TA"]
[PlyCount "117"]
[EventDate "2018.??.??"]
[EventType "tourn"]
[EventCountry "GER"]
[SourceTitle "playchess.com"]
[Source "ChessBase"]
[SourceQuality "1"]

{[%evp 12,117,42,21,28,8,3,10,30,18,22,0,0,11,4,-6,0,-31,-20,-40,-5,-13,-6,-10,-13,-43,-43,-6,-31,-54,-41,-87,-63,-61,-50,-41,-55,-44,-51,-33,-36,-54,-70,-78,-47,-218,-221,-217,-209,-222,-207,-256,-250,-243,-213,-488,-474,-614,-615,-614,-614,-1341,-606,-601,-591,-485,-782,-782,-768,-768,-768,-694,-759,-687,-687,-687,-687,-687,-672,-643,-599,-652,-640,-317,0,-599,-599,-599,0,0,0,-592,-592,-592,-592,-592,-584,-552,0,0,0,0,0,0,0,0,0,0]} 1. d4 Nf6 2. c4 g6 3. Nf3 Bg7 4. e3 O-O 5. Be2 d6 6. Nc3 Nc6 7. d5 {LiveBook: 4 Games. E61: King's Indian: Early deviations for White, including Smyslov System} (7. O-O e5 8. d5 Ne7 9. b4 a5 10. bxa5 Rxa5 11. Nd2 Nd7 12. Nb3 Ra8 13. a4 f5 14. Ba3 e4 15. Qc2 b6 {1-0 (23) Kuzubov,Y (2638)-Onischuk,V (2614) Lvov 2016}) 7... Nb4 8. a3 Na6 {[%cal Bb4a6,Ba6c7,Bc7e6,Be6d4,Bd4e2][%mdl 32]} 9. Nd4 e5 10. dxe6 $146 ({Predecessor:} 10. Nc2 Nc5 11. b4 Nb3 12. Rb1 Nxc1 13. Rxc1 Nd7 14. O-O f5 {0-1 (46) Breutigam,M (2340)-Brendel,O (2375) Germany 1996}) 10... fxe6 11. O-O e5 12. Nb3 c6 13. e4 Nc7 14. f4 Ne6 15. f5 Nd4 16. Be3 Nxe2+ 17. Qxe2 gxf5 18. exf5 d5 19. cxd5 cxd5 {[%cal Bc6d5,Bd5d4][%mdl 32]} 20. Rad1 d4 21. Bg5 Qb6 $1 22. Qc4+ Rf7 23. Na4 $1 {[%cal Ra4b6]} Qc7 24. Qxc7 $1 Rxc7 25. Nac5 b6 $36 {[%mdl 2048] Black fights for an advantage.} 26. Bxf6 bxc5 27. Bxg7 Kxg7 28. Nd2 $2 (28. Rc1 $15) 28... Bb7 $1 $19 29. f6+ Kf8 30. Rde1 Re8 31. Ne4 Bxe4 $1 32. Rxe4 {[%mdl 4096] Endgame KRR-KRR} c4 {[%cal Bc5c4,Bc4c3,Bc3c2][%mdl 32]} 33. g4 $2 (33. g3 {might work better.}) 33... Rb8 34. Rxe5 Rxb2 35. Rd5 c3 $1 {[%cal Rc3c2]} 36. Rd8+ Kf7 {aiming for ...c2.} 37. Rh8 Rbb7 38. Rxh7+ Kg6 (38... Ke6 $142 39. Rxc7 Rxc7) 39. Rxc7 Rxc7 {KR-KR} 40. Kf2 c2 41. Rc1 d3 $1 42. Ke3 Rd7 $1 43. Kd2 Kxf6 44. h4 Ke5 45. Rf1 Kd4 46. h5 Re7 47. Rf4+ Kd5 48. Rf1 $2 {[%mdl 8192]} (48. Rf5+ $1 $11 Kc4 49. Rf4+ Kb3 50. Rb4+ Kxa3 51. Rc4) 48... Kc4 $1 49. Rf4+ Kd5 $2 (49... Kb3 $1 $19 50. Rb4+ Kxa3) 50. Rf1 $2 {[%mdl 8192]} (50. Rf5+ $11 Kd4 51. Rf4+ Kd5) 50... Kc4 {( -> ...Re2+)} (50... Kd4 $5 51. Rf4+ $8 Kd5 $11) 51. Rf4+ Kb3 $1 52. Rb4+ Kxa3 53. Rc4 Kb3 54. Rc8 {[#]} a5 $2 ({Black should try} 54... Rh7 $1 $19 55. Rc5 {[#]} (55. Kxd3 Rd7+ 56. Ke3 a5 $19) 55... a5 $1 {[%mdl 512]} 56. Rxa5 Rc7) 55. h6 $11 {The position is equal.} Re2+ (55... a4 $5 56. g5 $8 Rh7 57. Rb8+ Kc4 $11) 56. Kxd3 Rh2 {And now ...Kb2 would win.} 57. g5 {Hoping for Rc3+.} Rh3+ 58. Kd2 Rh2+ 59. Kd3 {Precision: White = 54%, Black = 88%.} 1/2-1/2

[Event "5th GRENKE Chess Classic 2018"]
[Site "Baden-Baden"]
[Date "2018.03.31"]
[Round "1"]
[White "Anand, Viswanathan"]
[Black "Hou, Yifan"]
[Result "1/2-1/2"]
[WhiteElo "2776"]
[BlackElo "2657"]
[Annotator "TA"]
[PlyCount "95"]
[EventDate "2018.??.??"]
[EventType "tourn"]
[EventCountry "GER"]
[SourceTitle "playchess.com"]
[Source "ChessBase"]
[SourceQuality "1"]

{[%evp 9,95,2,13,5,9,-38,21,32,31,26,33,29,28,26,22,0,0,-51,-60,-67,-75,-72,-52,-76,-31,-52,-48,-55,-33,-57,-52,-62,-45,-50,-32,-36,-6,-14,-10,-21,0,-23,0,0,0,0,0,0,59,59,65,54,75,60,71,22,33,27,28,0,0,0,0,0,0,0,0,0,0,0,0,0,0,0,0,0,0,0,0,0,0,0,0,0,0,0,0,0]} 1. Nf3 Nf6 2. c4 e6 3. Nc3 d5 4. e3 Bd6 (4... Be7 5. b3 O-O 6. Bb2 dxc4 7. bxc4 c5 8. Rg1 Nc6 9. g4 a6 10. g5 Ne8 11. h4 Nd6 12. h5 f5 13. Be2 Rb8 14. a4 {1-0 (35) Grischuk,A (2767)-Kramnik,V (2800) Moscow 2018}) 5. b3 O-O 6. Bb2 {A17: English Opening: 1...Nf6 with ...Bb4} c5 7. g4 d4 (7... Nxg4 $15 8. Rg1 d4 9. Rxg4 dxc3 10. dxc3 (10. Bxc3 e5 $11) 10... Qe7) 8. exd4 $11 cxd4 9. Nxd4 e5 10. Nf5 Bxf5 11. gxf5 Nc6 $146 {[%cal Bb8c6,Bc6b4,Bb4c2][%mdl 32]} ({Predecessor:} 11... e4 12. d4 {0-1 (27) Loxine,J (2409)-Santos Ruiz,M (2508) Germany 2017}) 12. Bg2 Nb4 $36 {[%mdl 2048] Black has some pressure.} 13. Qe2 ({White should play} 13. O-O $11) 13... Nc2+ $15 14. Kd1 Nxa1 15. Bxa1 Qd7 16. Ne4 Qxf5 {...Nh5 is the strong threat.} 17. Nxf6+ Qxf6 18. Bxb7 Rad8 19. Kc2 Rfe8 20. Bc3 Bc5 21. f3 Bd4 22. Re1 g6 23. Qe4 Kg7 24. Bd5 Qb6 25. b4 {[%cal Bb3b4,Bb4b5][%mdl 32]} f5 26. Qd3 Bxc3 27. dxc3 Qd6 28. a4 a5 ({Better is} 28... Re7 $11) 29. Kb3 $1 $14 {[%mdl 1024] White has compensation.} Rb8 {[%cal Ra5b4]} 30. b5 $1 Qc5 31. h4 Rbd8 {[#]} 32. h5 $1 {[%mdl 512]} Kf6 (32... gxh5 33. Qxf5) 33. hxg6 (33. Kb2 {feels hotter.} g5 34. h6 Qf2+ 35. Re2 Qc5 36. Re3) 33... hxg6 34. Qe3 (34. Qd2 {looks sharper.} Rh8 35. Qg2 Rxd5 36. Rg1 Rg8 37. cxd5 Qxd5+ 38. Kb2) 34... Qxe3 {The position is equal.} 35. Rxe3 $11 {[%mdl 4096] Endgame KRR-KRB} Rd6 36. Re1 Rc8 37. Rh1 Kg7 38. Kc2 g5 39. Rd1 {[#] aiming for Bb7.} Kf6 40. Kd3 Rb6 41. Rh1 Kg7 42. Rg1 Kf6 43. Ke3 Rd6 44. Rb1 Rb6 45. Ke2 Kg6 46. Kf2 Kf6 47. Rh1 {And now Rh6+ would win.} Kg7 48. Re1 {Precision: White = 66%, Black = 65%.} 1/2-1/2

[Event "5th GRENKE Chess Classic 2018"]
[Site "Baden-Baden"]
[Date "2018.03.31"]
[Round "1"]
[White "Naiditsch, Arkadij"]
[Black "Vachier-Lagrave, Maxime"]
[Result "1/2-1/2"]
[WhiteElo "2701"]
[BlackElo "2789"]
[Annotator "TA"]
[PlyCount "87"]
[EventDate "2018.??.??"]
[EventType "tourn"]
[EventCountry "GER"]
[SourceTitle "playchess.com"]
[Source "ChessBase"]
[SourceQuality "1"]

{[%evp 16,87,31,18,30,10,8,6,93,93,104,107,78,0,0,0,10,31,34,26,18,18,54,54,119,108,120,102,103,90,118,112,118,97,105,85,108,97,108,89,152,152,157,153,157,82,70,64,58,0,0,0,0,0,0,0,0,0,0,0,0,0,0,0,0,0,0,0,0,0,0,0,0,0]} 1. d4 Nf6 2. Nf3 g6 3. Bg5 Bg7 4. c3 h6 5. Bh4 d6 6. Nbd2 g5 7. Bg3 Nh5 8. e4 e6 9. Nc4 {LiveBook: 10 Games. A48: 1 d4 Nf6 2 Nf3 g6: Torre, London and Colle Systems} (9. Bd3 Qe7 10. Nc4 Nd7 11. Qe2 b6 12. Nfd2 Nxg3 13. hxg3 Bb7 14. Ne3 a6 15. f4 c5 16. d5 b5 17. a4 {1-0 (34) Berkes,F (2653)-Kozul,Z (2604) Hungary 2018}) 9... f5 10. Nfd2 Nxg3 11. hxg3 O-O (11... fxe4 $1 $11 {keeps the balance.} 12. a3 (12. Nxe4 d5 $17) (12. Qh5+ Ke7 $11) 12... d5) 12. Ne3 $146 ({Predecessor:} 12. exf5 exf5 13. Bd3 Nc6 14. Qc2 Be6 15. Ne3 Ne7 16. f4 Nd5 17. Nxd5 Bxd5 18. O-O-O Bxg2 19. Rhg1 Bd5 20. Bxf5 Qf6 21. Be4 Bf7 22. Rdf1 {½-½ (22) Kodinets,K (2405)-Vaulin,A (2535) Moscow 1998}) 12... d5 13. exf5 exf5 {[%cal Be6f5,Bf5f4][%mdl 32]} 14. Nxd5 (14. Qc2 $16) 14... Re8+ $1 $11 ({Avoid the trap} 14... Qxd5 $2 15. Bc4 $18) 15. Ne3 f4 16. Bc4+ Be6 $1 17. Bxe6+ Rxe6 18. Qb3 Qe8 19. Ne4 Nd7 ({Not} 19... fxe3 $2 20. Nc5 $16) (19... Kf8 $1 $14) 20. gxf4 $16 gxf4 21. Ng4 $1 $36 {[%mdl 2048] Threatens to win with 0-0-0. Black is under strong pressure.} Kh8 22. f3 {Hoping for 0-0-0.} Rxe4+ 23. fxe4 Qxe4+ 24. Kf2 {Rh3 is the strong threat.} f3 25. gxf3 Rf8 26. Nh2 Qh4+ 27. Kg2 $1 Qg5+ {[#]} ({Black should try} 27... Nf6) 28. Kf1 $1 Qh5 {[#]} 29. Qc2 $1 ({Inferior is} 29. Qxb7 Rb8 $11) 29... c5 30. Qg2 (30. Kg2 $142) 30... cxd4 31. Ng4 Qb5+ $1 32. Kg1 (32. c4 $1 $14 Qxc4+ 33. Kg1) 32... dxc3 $11 {The position is equal.} 33. bxc3 Qc5+ $1 34. Qf2 {Black must now prevent Qxc5.} Qxc3 35. Kg2 Ne5 36. Nxe5 Bxe5 37. Rxh6+ Kg7 $1 {[%cal Rg7h6]} 38. Rhh1 {Strongly threatening Rad1.} Rf6 39. Rag1 {aiming for Qe2.} Bd4 40. Kf1+ Kf7 (40... Kf8 $5 41. Rh8+ $8 Kf7 42. Rh7+ Kf8 43. Rh8+ Kf7 44. Rh7+ Kf8 45. Rh8+ $11) 41. Rh7+ Kf8 42. Rh8+ Kf7 43. Rh7+ Kf8 44. Rh8+ {Precision: White = 73%, Black = 79%.} 1/2-1/2

[Event "5th GRENKE Chess Classic 2018"]
[Site "Baden-Baden"]
[Date "2018.03.31"]
[Round "1"]
[White "Meier, Georg"]
[Black "Aronian, Levon"]
[Result "1/2-1/2"]
[WhiteElo "2636"]
[BlackElo "2767"]
[Annotator "TA RC"]
[PlyCount "83"]
[EventDate "2018.??.??"]
[EventType "tourn"]
[EventCountry "GER"]
[SourceTitle "playchess.com"]
[Source "ChessBase"]
[SourceQuality "1"]

{[%evp 23,83,-7,-7,-3,0,5,-3,-7,19,14,18,20,21,20,10,13,6,3,0,-10,0,0,0,0,0,-6,0,0,0,-7,-6,-19,0,0,0,0,0,0,0,0,0,0,0,0,0,0,0,0,0,0,14,16,19,19,21,14,20,20,21,0,3,4]} 1. e4 e5 2. Nf3 Nc6 3. Bb5 Nf6 4. O-O Nxe4 5. Re1 Nd6 6. Nxe5 Be7 7. Bf1 Nxe5 8. Rxe5 O-O 9. Nc3 {[%cal Bb1c3,Bc3d5,Bd5e3,Be3f5][%mdl 32] C67: Ruy Lopez: Berlin Defence: 4 0-0 Nxe4} Ne8 10. Nd5 Bd6 11. Re2 c6 12. Ne3 Be7 {LiveBook: 3 Games. The position is equal.} 13. Nf5 Bf6 14. Qe1 d5 15. Ne7+ Kh8 {[#] Strongly threatening ...Be6.} (15... Bxe7 $5 16. Rxe7 Nd6 $15) 16. Nxc8 Rxc8 {[#]} 17. d3 $146 Nd6 18. Qb4 a5 19. Qg4 b5 20. c3 d4 21. cxd4 b4 22. d5 cxd5 23. Bf4 g6 24. Be5 Bxe5 25. Rxe5 Qf6 26. Qd4 Rc2 27. Rb1 Rfc8 (27... Nb5 $5 28. Qe3 $8 d4 $11) 28. Rxd5 Qxd4 29. Rxd4 Nf5 30. Rc4 R8xc4 31. dxc4 $11 {[%mdl 4096] Endgame KRB-KRN} Nd4 32. Rd1 Ne6 33. Rd5 a4 34. Ra5 Rxb2 35. Rxa4 Kg7 36. Ra5 Kf6 37. h4 Nd4 38. c5 Rc2 39. Ra6+ Ke5 40. Rb6 Rxa2 41. Rxb4 Ra1 {[#] Threatens to win with ...Ne2+.} 42. g3 {Precision: White = 80%, Black = 76%.} 1/2-1/2

[Event "5th GRENKE Chess Classic 2018"]
[Site "Baden-Baden"]
[Date "2018.03.31"]
[Round "1"]
[White "Bluebaum, Matthias"]
[Black "Vitiugov, Nikita"]
[Result "0-1"]
[WhiteElo "2616"]
[BlackElo "2735"]
[Annotator "TA"]
[PlyCount "50"]
[EventDate "2018.??.??"]
[EventType "tourn"]
[EventCountry "GER"]
[SourceTitle "playchess.com"]
[Source "ChessBase"]
[SourceQuality "1"]

{[%evp 17,50,12,14,8,27,12,22,-124,0,-7,0,-3,-9,-10,0,-8,-10,-4,-4,-12,-8,-16,-8,-20,-30,-115,-122,-113,-102,-101,-102,-221,-223,-804,-804]} 1. d4 d5 2. c4 c6 3. Nf3 Nf6 4. e3 Bf5 5. Nc3 e6 6. Nh4 Bg6 7. Bd2 {D12: Slav Defence: 3 Nf3 Nf6 4 e3 Bf5} Nbd7 8. Nxg6 hxg6 9. c5 (9. Qb3 Rb8 10. cxd5 cxd5 11. Bd3 a6 12. e4 dxe4 13. Nxe4 Nxe4 14. Bxe4 Rh4 15. f4 Bd6 {½-½ (32) Krasenkow,M (2651)-Sasikiran,K (2677) Germany 2017}) 9... e5 {LiveBook: 3 Games} 10. b4 Be7 11. b5 O-O $146 ({Predecessor:} 11... exd4 12. exd4 Nf8 13. bxc6 bxc6 14. Qa4 Qd7 {½-½ (45) Baumgartner,U (2381)-Mauro,L (2325) ICCF email 2016}) 12. Qa4 (12. bxc6 $11 bxc6 13. Be2) 12... Re8 (12... exd4 $17 13. exd4 Re8) 13. bxc6 $11 bxc6 {...exd4 is the strong threat.} 14. Be2 exd4 15. exd4 Nxc5 16. dxc5 d4 17. O-O ({Reject} 17. Qxc6 dxc3 18. Bxc3 Rc8 $17) 17... dxc3 18. Bxc3 Bxc5 19. Bf3 Rc8 $36 {[%mdl 2048] Black is more active.} 20. Bxc6 {Threatens to win with Rad1.} (20. Qc4 {keeps more tension.} Bb6 21. Rfe1 Qc7 22. Rxe8+ Rxe8 23. a4) 20... Re2 21. Bf3 {[#]} (21. Be1 $11 {remains equal.}) 21... Rxf2 $1 $17 {[%mdl 512]} 22. Rxf2 Bxf2+ 23. Kxf2 {Strongly threatening Bd4.} Rxc3 24. Qxa7 {[#]} (24. Rd1 $17 Qe7 25. Kf1) 24... Ne4+ $1 $19 {[%mdl 512]} 25. Kg1 $2 {[#]} (25. Bxe4 Qh4+ 26. Kg1 Qxe4 27. Rf1) 25... Ra3 $1 {[%mdl 512] Precision: White = 30%, Black = 66%.} 0-1

[Event "5th GRENKE Chess Classic 2018"]
[Site "Baden-Baden"]
[Date "2018.04.01"]
[Round "2"]
[White "Carlsen, Magnus"]
[Black "Hou, Yifan"]
[Result "1-0"]
[WhiteElo "2843"]
[BlackElo "2654"]
[Annotator "TA"]
[PlyCount "121"]
[EventDate "2018.??.??"]
[EventType "tourn"]
[EventCountry "GER"]
[SourceTitle "playchess.com"]
[Source "ChessBase"]
[SourceQuality "1"]

{[%evp 9,121,0,5,0,1,-9,-7,0,5,-22,0,-8,-6,-23,-19,-16,-16,-21,-12,-18,-18,-4,0,-9,0,-13,0,-16,16,18,14,17,16,0,-6,-6,0,-6,0,0,3,5,23,4,40,42,27,27,22,13,27,27,25,16,35,17,41,35,45,0,122,116,136,136,136,137,120,6,162,126,147,132,133,116,123,141,168,169,168,166,169,169,169,169,148,149,154,135,186,164,181,166,167,167,198,194,191,194,194,184,277,269,280,258,289,293,285,273,414,422,403,401,379,361]} 1. e4 e5 2. Bc4 Nf6 3. d3 c6 4. Qe2 Be7 5. Nf3 d6 6. c3 {C24: Bishop's Opening: 2...Nf6} Nbd7 7. Bb3 O-O 8. O-O {The position is equal.} a5 {[%cal Ba7a5,Ba5a4][%mdl 32]} 9. d4 $146 ({Predecessor:} 9. a4 b5 10. Bc2 Ba6 11. axb5 cxb5 12. Nbd2 Qc7 13. d4 a4 {1-0 (32) Polgar,J (2680)-Gelfand,B (2758) Khanty-Mansiysk 2009}) 9... a4 10. Bc2 Re8 11. Re1 Bf8 12. Qd1 b5 13. Nbd2 {[%cal Bb1d2,Bd2f1,Bf1g3][%mdl 32]} Qc7 14. Nf1 g6 15. Bg5 h6 16. Bd2 Bg7 17. Ng3 Nb6 18. b3 axb3 19. axb3 Rxa1 20. Qxa1 Bg4 21. Qc1 Bxf3 22. gxf3 h5 23. Bh6 Qe7 24. Bxg7 Kxg7 25. Qg5 Kh7 26. f4 Nfd7 (26... exf4 {is more complex.} 27. Qxf4 Nbd5 28. Qg5 Kh8 29. Ne2 Nc7) 27. Qxe7 Rxe7 28. fxe5 dxe5 29. Rd1 Re8 30. dxe5 Nxe5 31. f4 Ng4 {next ...Ne3 is good for Black.} 32. Rd6 Re6 33. Rd8 Kg7 34. Nf1 Rf6 (34... Nf6 $11) 35. h3 $16 Nh6 {[#]} 36. f5 $1 {[%mdl 512]} gxf5 37. Ng3 $1 {[%cal Rg3h5]} Rg6 38. Kf2 (38. Kh2 $1 $16 Kh7 39. exf5) 38... fxe4 $2 (38... Rg5 $11 {and Black is okay.}) 39. Nxh5+ $18 ({Don't do} 39. Bxe4 $6 f5 $14) 39... Kh7 {...f5 would now be nice for Black.} 40. Bxe4 f5 41. Bg2 Nf7 42. Rf8 Ne5 {[#]} 43. Nf4 $1 Rd6 44. Rxf5 Nbd7 45. Ke2 Kg7 46. h4 Nf7 47. Be4 Nde5 48. Nh5+ Kh6 (48... Kf8 $16 {might work better.} 49. Nf4 Ke7) 49. Ng3 Re6 50. Ke3 Kg7 51. Rf1 Kf8 52. Nf5 Ng4+ {[#]} 53. Kf4 $1 Nf6 54. Bf3 Nd5+ (54... Nd7 $142 55. Ra1 Nfe5) 55. Bxd5 $1 cxd5 {[%mdl 4096] Endgame KRN-KRN} 56. Ra1 {Threatens to win with Ra8+.} Kg8 57. Ra8+ Kh7 58. Ra7 Rf6 (58... Kg8 {was called for.} 59. Ne7+ Kf8) 59. h5 Kg8 60. Rd7 b4 61. cxb4 {Precision: White = 60%, Black = 39%.} 1-0

[Event "5th GRENKE Chess Classic 2018"]
[Site "Baden-Baden"]
[Date "2018.04.01"]
[Round "2"]
[White "Aronian, Levon"]
[Black "Naiditsch, Arkadij"]
[Result "1-0"]
[WhiteElo "2794"]
[BlackElo "2701"]
[Annotator "TA"]
[PlyCount "69"]
[EventDate "2018.??.??"]
[EventType "tourn"]
[EventCountry "GER"]
[SourceTitle "playchess.com"]
[Source "ChessBase"]
[SourceQuality "1"]

{[%evp 21,69,25,56,43,49,40,43,36,49,48,29,30,33,28,52,39,139,145,143,123,135,122,178,175,157,143,157,143,150,151,303,304,347,347,339,348,334,352,340,346,314,318,335,345,372,349,375,370,668,662]} 1. c4 Nf6 2. Nc3 g6 3. e4 d6 4. d4 Bg7 5. Nge2 O-O 6. Ng3 e5 7. d5 a5 8. Be2 Na6 9. h4 h5 10. Bg5 Qe8 11. Qd2 Kh7 {LiveBook: 6 Games} 12. f3 {E70: King's Indian: Miscellaneous lines with 4 e4, including 5 Nge2 and 5 Bd3 0-0 6 Nge2} Ng8 13. Nb5 $146 ({Predecessor:} 13. O-O-O a4 14. Rdg1 f6 15. Be3 f5 16. exf5 gxf5 17. Nxh5 Qxh5 18. g4 Qe8 19. h5 a3 {1-0 (31) Kantor,G (2506)-Nitin,S (2415) Budapest 2017}) 13... b6 14. a3 {White is slightly better.} Bd7 15. b4 f6 16. Be3 f5 17. exf5 gxf5 {[#] Strongly threatening ...f4.} 18. Bg5 $1 ({Much weaker is} 18. bxa5 f4 $17) 18... e4 (18... f4 $14 19. Ne4 Nf6) 19. Rb1 $16 exf3 20. gxf3 axb4 21. axb4 Bxb5 (21... Kh8 $16 {is a better defense.} 22. Kf2 Nf6) 22. cxb5 $18 Nb8 23. O-O Nd7 24. Rbc1 Ra7 25. Bd3 Qe5 $2 {[#]} (25... Kh8 $16 {was worth a try.} 26. Bxf5 Ne5) 26. Nxh5 {[%cal Bg3h5,Bh5f4,Bf4e6][%mdl 32]} Qxd5 27. Nf4 Qb3 {If Black can now play ...Ne5 this consolidates a bit.} 28. Bc4 Qb2 29. Rc2 Qd4+ 30. Qxd4 Bxd4+ 31. Kg2 Be5 32. Ne6 Rc8 33. Nd8 d5 34. Nc6 Ra3 $2 (34... dxc4 35. Nxa7 Ra8) 35. Bxd5 {Precision: White = 100%, Black = 39%.} 1-0

[Event "5th GRENKE Chess Classic 2018"]
[Site "Baden-Baden"]
[Date "2018.04.01"]
[Round "2"]
[White "Vachier-Lagrave, Maxime"]
[Black "Anand, Viswanathan"]
[Result "1-0"]
[WhiteElo "2789"]
[BlackElo "2776"]
[Annotator "TA"]
[PlyCount "75"]
[EventDate "2018.??.??"]
[EventType "tourn"]
[EventCountry "GER"]
[SourceTitle "playchess.com"]
[Source "ChessBase"]
[SourceQuality "1"]

{[%evp 18,75,61,26,33,31,25,0,0,2,6,0,0,4,0,0,8,13,12,33,31,0,0,0,0,0,25,26,53,52,50,56,41,47,51,39,47,45,89,64,97,104,109,97,100,83,157,153,145,150,147,159,159,152,159,158,152,144,263,263]} 1. e4 c5 2. Nf3 e6 3. d4 cxd4 4. Nxd4 Nc6 5. Nc3 Qc7 6. Be3 a6 7. Qf3 {B48: Sicilian: Taimanov: 5 Nc3 Qc7 6 Be3 a6 without Be2} (7. Qd2 Nf6 8. f4 Bb4 9. Bd3 Na5 10. a3 Bxc3 11. Qxc3 Qxc3+ 12. bxc3 d5 13. exd5 exd5 14. Nb3 Nc4 15. Bd4 Ne4 {1-0 (57) Carlsen,M (2834)-Matlakov,M (2718) Wijk aan Zee 2018}) 7... Nf6 8. O-O-O Ne5 9. Qg3 b5 10. a3 {LiveBook: 4 Games} (10. f4 $5 {[%cal Rf4e5]} Neg4 11. Bd2 $11) 10... Bb7 {[#]} 11. Bxb5 $1 {[%mdl 512]} Rc8 $146 ({Don't play} 11... axb5 $6 12. Ndxb5 Qb8 13. Bb6 $16) ({Predecessor:} 11... Bxa3 12. Bf4 Bd6 13. Nxe6 fxe6 14. Rxd6 Qxd6 15. Bxe5 {1-0 (37) Frolyanov,D (2534)-Khanin,S (2434) Kazan 2017}) 12. Ba4 {And now Bf4 would win.} Nxe4 13. Nxe4 Bxe4 14. Bf4 Qc4 15. Bxe5 Qxa4 16. Rd2 f6 17. Bd6 $36 {[%mdl 2048] White has the initiative.} Kf7 18. Re1 {[#] Strongly threatening Bxf8.} Bg6 $1 19. Bxf8 Rhxf8 20. Qd6 {Black must now prevent b3.} Kg8 {Hoping for ...e5.} 21. f4 Rfe8 22. Re3 Qc4 {...e5! is the strong threat.} 23. b3 $1 {[%cal Rb3c4]} Qc7 24. Qxc7 Rxc7 25. Kb2 Rb8 26. g4 Bf7 27. a4 Rc5 28. Ne2 Rc7 29. Rd6 Ra7 30. Red3 Be8 31. f5 exf5 (31... Kf8 $142) 32. gxf5 $16 Rc8 33. Nc3 Rc5 34. R3d5 Rc6 35. Ne4 Kf7 36. Rd3 Rac7 37. c4 g6 (37... a5 $16 {keeps fighting.} 38. R6d5 Ra6 39. Nd6+ Kf8) 38. fxg6+ {Precision: White = 82%, Black = 55%.} 1-0

[Event "5th GRENKE Chess Classic 2018"]
[Site "Baden-Baden"]
[Date "2018.04.01"]
[Round "2"]
[White "Caruana, Fabiano"]
[Black "Bluebaum, Matthias"]
[Result "1/2-1/2"]
[WhiteElo "2784"]
[BlackElo "2631"]
[Annotator "TA"]
[PlyCount "71"]
[EventDate "2018.??.??"]
[EventType "tourn"]
[EventCountry "GER"]
[SourceTitle "playchess.com"]
[Source "ChessBase"]
[SourceQuality "1"]

{[%evp 15,71,4,17,17,15,-6,10,14,21,13,12,12,18,20,28,24,19,18,10,0,0,3,10,9,19,19,11,0,0,0,0,0,20,0,0,0,0,0,0,0,0,0,0,0,0,0,0,0,0,0,0,0,0,0,0,0,0,0]} 1. e4 e6 2. d4 d5 3. Nc3 Nf6 4. e5 Nfd7 5. f4 c5 6. Nf3 Be7 {C11: French: Classical System: 4 e5 and 4 Bg5 dxe4} (6... Qb6 7. Be3 a6 8. a3 Nc6 9. Na4 Qa5+ 10. c3 c4 11. Be2 Be7 12. O-O O-O 13. b4 cxb3 14. Qxb3 Qc7 15. Bd3 f5 16. exf6 Nxf6 {1-0 (45) Nepomniachtchi,I (2751)-Morozevich,A (2665) Moscow 2018}) 7. Be3 O-O 8. Qd2 a6 {LiveBook: 3 Games} 9. Bd3 b5 {[%cal Bb7b5,Bb5b4][%mdl 32]} 10. Qf2 $146 {[%cal Rd4c5]} ({Find the theoretical novelty and annotate with similar games:} 10. O-O Nc6 11. Be2 Bb7 12. a3 Qb6 13. Rad1 cxd4 14. Nxd4 Bc5 {1-0 (31) Quattrocchi,G-Rebaudo,N ICCF email 1997}) 10... Nc6 11. dxc5 Qa5 12. O-O {And now a3 would win.} b4 13. Ne2 Nxc5 14. Nfd4 Nxd4 15. Nxd4 Qc7 16. Nb3 {The position is equal.} Nxb3 17. axb3 a5 18. Bb6 Qc6 19. Bd4 ({Not} 19. Rxa5 $2 Rxa5 20. Rc1 Ba6 $19) 19... Bd8 20. g4 Ba6 21. f5 Bxd3 22. cxd3 f6 23. Rac1 Qd7 24. fxe6 (24. Rce1 {NOTEXT} Ra6 25. Bc5 Rf7 26. exf6 Bxf6 27. Qe2) 24... Qxe6 25. Qf5 Qxf5 26. Rxf5 fxe5 27. Rxf8+ ({Reject} 27. Rxe5 Rf4 $17) 27... Kxf8 28. Bxe5 $11 {[%mdl 4096] Endgame KRB-KRB} Kf7 29. Kf2 Ra6 30. Kf3 Bf6 31. Rc7+ Kg6 32. d4 Re6 33. Kf4 Bg5+ $1 34. Kf3 Bf6 35. Kf4 Bg5+ $1 36. Kf3 {Precision: White = 73%, Black = 79%.} 1/2-1/2